<?xml version="1.0" encoding="UTF-8"?>
<record
    xmlns:xsi="http://www.w3.org/2001/XMLSchema-instance"
    xsi:schemaLocation="http://www.loc.gov/MARC21/slim http://www.loc.gov/standards/marcxml/schema/MARC21slim.xsd"
    xmlns="http://www.loc.gov/MARC21/slim">

  <leader>00769nam a22001577a 4500</leader>
  <controlfield tag="008">180427b        xxu||||| |||| 00| 0 eng d</controlfield>
  <datafield tag="020" ind1=" " ind2=" ">
    <subfield code="a">9789682325892</subfield>
  </datafield>
  <datafield tag="082" ind1=" " ind2=" ">
    <subfield code="a">370.1</subfield>
    <subfield code="b">F866p</subfield>
  </datafield>
  <datafield tag="100" ind1=" " ind2=" ">
    <subfield code="a">Freire, Paulo</subfield>
    <subfield code="9">6237</subfield>
  </datafield>
  <datafield tag="245" ind1=" " ind2=" ">
    <subfield code="a">Pedagog&#xED;a del oprimido</subfield>
  </datafield>
  <datafield tag="260" ind1=" " ind2=" ">
    <subfield code="a">M&#xE9;xico</subfield>
    <subfield code="b">Siglo Veintiuno Editores</subfield>
    <subfield code="c">2005</subfield>
  </datafield>
  <datafield tag="300" ind1=" " ind2=" ">
    <subfield code="a">248 p. </subfield>
    <subfield code="c">21 cm</subfield>
  </datafield>
  <datafield tag="505" ind1=" " ind2=" ">
    <subfield code="t">Aprender a decir su palabra. El m&#xE9;todo de alfabetizaci&#xF3;n del profesor Paulo Freire</subfield>
    <subfield code="r">Mar&#xED;a Fiori, Ernani</subfield>
    <subfield code="t">Primeras palabras</subfield>
    <subfield code="r">Freire, Paulo</subfield>
    <subfield code="t">Cap&#xED;tulo I.</subfield>
    <subfield code="t">Cap&#xED;tulo II.</subfield>
    <subfield code="t">Cap&#xED;tulo III.</subfield>
    <subfield code="t">Cap&#xED;tulo IV.</subfield>
    <subfield code="t">Datos biogr&#xE1;ficos</subfield>
    <subfield code="t">Bibliograf&#xED;a de Paulo Freire</subfield>
  </datafield>
  <datafield tag="650" ind1=" " ind2=" ">
    <subfield code="2">Educaci&#xF3;n</subfield>
    <subfield code="x">Filosof&#xED;a de la educaci&#xF3;n</subfield>
    <subfield code="x">Educaci&#xF3;n popular</subfield>
    <subfield code="x">Filosof&#xED;a para adultos</subfield>
    <subfield code="x">Alfabetizaci&#xF3;n</subfield>
    <subfield code="9">6244</subfield>
  </datafield>
  <datafield tag="700" ind1=" " ind2=" ">
    <subfield code="a">Mellado, Jorge (Traductor)</subfield>
    <subfield code="9">6245</subfield>
  </datafield>
  <datafield tag="999" ind1=" " ind2=" ">
    <subfield code="c">1428</subfield>
    <subfield code="d">1428</subfield>
  </datafield>
  <datafield tag="952" ind1=" " ind2=" ">
    <subfield code="0">0</subfield>
    <subfield code="1">0</subfield>
    <subfield code="2">ddc</subfield>
    <subfield code="4">0</subfield>
    <subfield code="7">0</subfield>
    <subfield code="a">LV</subfield>
    <subfield code="b">LV</subfield>
    <subfield code="c">Pensamiento</subfield>
    <subfield code="d">2018-04-27</subfield>
    <subfield code="l">1</subfield>
    <subfield code="o">370.1 F866p</subfield>
    <subfield code="p">004580</subfield>
    <subfield code="r">2019-09-06 00:00:00</subfield>
    <subfield code="s">2019-08-31</subfield>
    <subfield code="w">2018-04-27</subfield>
    <subfield code="y">01</subfield>
  </datafield>
</record>
